000 005480000a22001810004500
003 MACL
005 20160609122958.0
008 160609b xxu||||| |||| 00| 0 eng d
040 _aMACL
_cMACL
041 _aHindi
082 _a155
100 _aसिंह, जगत
_937201
245 _aसमस्‍या ग्रस्‍त बालक
_cजगत सिंह
260 _bप्रभात प्रकाशन
_c1999
_aदिल्‍ली
350 _a75
650 _aChild Psychology
_923616
942 _cHIN
_k155
_2ddc
999 _c30078
_d30078